00717nam a22002297a 4500003001100000005001700011008004100028020001500069040003900084041000800123082001400131100002300145245006500168250001200233260003000245300006500275650002200340650001400362942000700376952008900383999001500472LK-CoMWRAF20230831131543.0230831b1988 |||||||| |||| 00| 0 eng d a0026681900 aLK-CoMWRAFdLK-CoMWRAFeLK-CoMWRAF aeng a155.4 BRI aBrisbane, Holly E. aThe developing child:bunderstanding children and parenting  a5th ed. aNew York:bGlencoe,c1988 a96, 528 p. : col. ill. ; 27 cm.bGlossary and index included aCHILD DEVELOPMENT aParenting cBK 00104070aMAINbMAINd2023-08-31l0o155.4 BRIpRAF452r2023-08-31w2023-08-31yBK c3337d3337